000 01016nam a2200241Ia 4500
001 19559
003 GE_BSU
008 181216s||||||||xx |||||||||||||| ||und||
040 _cGE_BSU
080 _a02+374+30
245 _aბიბლიოთეკების როლი სამოქალაქო განათლებაში
245 _cშემდგ. ნ. ქავთარაძე. რედ. გ. თაყნიაშვილი
250 _aსაქ. პარლამენტის ეროვნული ბიბლ-კა
260 _aთბილისი
260 _bსაქ. პარლამ. ეროვნული ბიბლიოთეკა
260 _c2003
300 _a19გვ.
541 _h2 ლ. 50თ.
653 _aბიბლიოთეკარი
653 _aბიბლიოთეკების როლი სამოქალაქო განათლებაში
653 _aქსეროქსი
942 _cBK
999 _c52535
_d52535